000 00558nam a22001817a 4500
003 UA-OsUOA
001 13783
007 ta
008 20030621b un ||||| |||| 00| 0 ukr d
100 _aЗахарчук А.
942 _cSA
040 _aUA-OsUOA
_cUA-OsUOA
_dUA-OsUOA
245 _aДні науки в Національному університеті "Острозька академія"
300 _aС.3
955 _a0
773 0 _w0
_tРівне вечірнє
_dРівне
_d2003
_g№36/20 трав./
650 7 _aАкадемії
_2UDC
999 _c299944
_d299944